Südamerikanische Länder (mit Karte) - Statistiken

Allgemein
  • Dieses Quiz wurde 185 mal gespielt
  • Das Durchschnittsergebnis liegt bei 10 aus 12
Antworten auf der Karte
Die Antworten werden auf der Karte rot bzw. grün angezeigt, abhängig davon wie oft sie richtig erraten wurden.
 
Antwortstatistiken
Antwort % Korrekt
Brasilien
99%
Argentinien
92%
Chile
90%
Uruguay
81%
Peru
80%
Kolumbia
79%
Paraguay
79%
Bolivien
76%
Ecuador
76%
Venezuela
75%
Guyana
70%
Surinam
70%
Keine übereinstimmenden Quizze gefunden
Verteilung der Resultate
Anzahl Personen mit jedem Resultat
Perzentil nach korrekt beantworteten Fragen
Ihre Resultats-Entwicklung
Sie haben dieses Quiz noch nicht gespielt